| 000 | 01228nam a22002895a 4500 | ||
|---|---|---|---|
| 003 | OSt | ||
| 005 | 20180503143417.0 | ||
| 008 | 180503s2006 ua a frr 000 0 ara d | ||
| 017 | _a2006 / 2107 | ||
| 020 | _a9772273470 | ||
| 040 |
_aEG-ScBUE _bara _cEG-ScBUE |
||
| 082 | 0 | 4 |
_a320.557 _bد ل ي _222 |
| 245 | 0 | 0 |
_aدليل الحركات الإسلامية في العالم / _cإبراهيم النجار... [وآخ.] ؛ رئيس التحرير ضياء رشوان ؛ المنسق محمد فايز فرحات. |
| 250 | _aط. 1. | ||
| 260 |
_aالقاهرة : _bمؤسسة الأهرام، مركز الدراسات السياسية والاستراتيجية، _c2006. |
||
| 300 |
_aمج. 1. : _bإيض. ؛ _c28 سم. |
||
| 504 | _aيشتمل على إرجاعات ببليوجرافية. | ||
| 541 |
_aالسفير علي الحفني ؛ _cإهداء ؛ |
||
| 650 | 7 |
_aالإسلام والسياسة. _2BUEsh _913370 |
|
| 650 | 7 |
_aالحركات الإسلامية. _2BUEsh |
|
| 651 | _2BUEsh | ||
| 653 |
_bBUSBOL _bGGEN _cMarch2018 |
||
| 700 | 1 | _aنجار، إبراهيم. | |
| 700 | 1 |
_aرشوان، ضياء، _eرئيس تحرير. |
|
| 700 | 1 |
_aفرحات، محمد فايز، _eمنسق. |
|
| 942 | _2ddc | ||
| 999 |
_c26629 _d26601 |
||